[Event "George Trundle Qualifiers"]
[Site "Auckland"]
[Date "2012.10.04"]
[Round "6"]
[White "King, Mathew"]
[Black "Duneas, John"]
[Result "0-1"]
[WhiteElo "1968"]
[BlackElo "2089"]
[PlyCount "210"]
[EventDate "2012.09.29"]
[EventType "tourn"]
[EventRounds "9"]
[EventCountry "NZL"]
[SourceTitle "EXT 2018"]
[Source "ChessBase"]
[SourceDate "2017.10.13"]
[SourceVersion "1"]
[SourceVersionDate "2017.10.13"]
[SourceQuality "1"]

1. c4 Nf6 2. g3 c6 3. Nf3 d5 4. Bg2 Bf5 5. cxd5 cxd5 6. Qb3 Qb6 7. Nc3 Qxb3 8. axb3 Nc6 9. Nb5 Rc8 10. Nfd4 Nxd4 11. Nxd4 Bd7 12. 0-0 a6 13. d3 e5 14. Nf3 Bd6 15. Bg5 h6 16. Bxf6 gxf6 17. Rfc1 Ke7 18. Ne1 Be6 19. Nc2 Rc5 20. Ne3 Rhc8 21. Rc3 d4 22. Rxc5 Rxc5 23. Nc4 Rb5 24. Na5 Bc8 25. Rc1 Kd8 26. Nc4 Bc7 27. Nd2 f5 28. h4 Be6 29. Rc2 Bxb3 30. Nxb3 Rxb3 31. Bd5 Rb5 32. Bxf7 e4 33. dxe4 fxe4 34. Rd2 Bb6 35. Bg6 Re5 36. Kg2 Ke7 37. g4 Kf6 38. Bf5 e3 39. fxe3 Rxe3 40. Bc8 Ba5 41. Rc2 Rb3 42. Kf2 Bd8 43. Kg2 Kg7 44. g5 hxg5 45. hxg5 Kg6 46. Be6 Rb6 47. Bc4 Bxg5 48. Kf3 Kf5 49. Bd3+ Ke6 50. Ke4 Be3 51. Bc4+ Kd6 52. Bg8 Rb5 53. Bf7 Rc5 54. Kd3 Rf5 55. Bg8 Rf1 56. Ba2 b6 57. Bc4 b5 58. Bg8 a5 59. b3 Rg1 60. Bf7 Rg7 61. Be8 Rb7 62. Ra2 Ke7 63. Bc6 Rb6 64. Bd5 Kd6 65. Bf7 Ra6 66. Rc2 a4 67. bxa4 Rxa4 68. Rb2 Ra3+ 69. Rb3 Ra5 70. Be8 Kc5 71. Bd7 Bf2 72. Be8 Be1 73. Bd7 b4 74. e3 dxe3 75. Kxe3 Ra7 76. Bf5 Rf7 77. Bd3 Re7+ 78. Be4 Kc4 79. Rb1 Bc3 80. Kf3 b3 81. Bd5+ Kxd5 82. Rxb3 Kd4 83. Rb5 Rf7+ 84. Kg4 Ke4 85. Rb3 Rg7+ 86. Kh3 Be5 87. Rb4+ Kf3 88. Rb3+ Kf2 89. Rb5 Bf4 90. Rb2+ Kf3 91. Rb3+ Be3 92. Rb4 Rg1 93. Rb2 Rg3+ 94. Kh2 Rg5 95. Kh1 Rg4 96. Rg2 Rh4+ 97. Rh2 Rd4 98. Rh3+ Ke2 99. Kg2 Bf2 100. Rh8 Rg4+ 101. Kh3 Rg6 102. Re8+ Be3 103. Rh8 Kf3 104. Rf8+ Bf4 105. Rh8 Rg1 0-1

[Event "George Trundle Qualifiers"]
[Site "Auckland"]
[Date "2012.10.01"]
[Round "3"]
[White "Bennett, Hilton Petrie"]
[Black "King, Mathew"]
[Result "1/2-1/2"]
[WhiteElo "1959"]
[BlackElo "1968"]
[PlyCount "70"]
[EventDate "2012.09.29"]
[EventType "tourn"]
[EventRounds "9"]
[EventCountry "NZL"]
[SourceTitle "EXT 2018"]
[Source "ChessBase"]
[SourceDate "2017.10.13"]
[SourceVersion "1"]
[SourceVersionDate "2017.10.13"]
[SourceQuality "1"]

1. e4 c5 2. Nc3 d6 3. f4 g6 4. Nf3 Bg7 5. Bc4 Nc6 6. d3 Nf6 7. 0-0 0-0 8. Qe1 Nd4 9. Nxd4 cxd4 10. Nb1 d5 11. exd5 Nxd5 12. Na3 Ne3 13. Bxe3 dxe3 14. c3 Qb6 15. d4 Qxb2 16. Qc1 Qxc1 17. Raxc1 Bf5 18. Rce1 a6 19. Rxe3 b5 20. Bd3 Bxd3 21. Rxd3 Rac8 22. Rfd1 Rc7 23. Kf1 Rfc8 24. Nb1 a5 25. a3 e6 26. Ke2 Bf8 27. d5 exd5 28. Rxd5 b4 29. axb4 axb4 30. cxb4 Bxb4 31. Rd8+ Kg7 32. Rxc8 Rxc8 33. Rd4 Re8+ 34. Kf3 Bc5 35. Rd3 Rb8 1/2-1/2